| 000 | 00689nam a2200253 a 4500 | ||
|---|---|---|---|
| 001 | nice12345678 | ||
| 003 | IN_TiNIC | ||
| 005 | 20260116013202.0 | ||
| 008 | 050524s1998 newa grp 000 0 eng | ||
| 020 |
_a _c1055.7 |
||
| 082 | 0 | 0 |
_a291.65 _bHEN |
| 100 | _aHenderson, John B | ||
| 245 |
_aConstruction of Orthodoxy and Heresy _b Neo-Confucian, Islamic, Jewish, and E |
||
| 260 |
_aNew York _bState University of New York Press _c1998 |
||
| 300 | _a265p | ||
| 500 | _aincludes index and biblioraphy | ||
| 505 | 2 | _aIndex | |
| 650 | _aComparative Religion-Heresies | ||
| 650 | _aHeresies | ||
| 700 | 1 | _aHenderson, John B | |
| 902 | _bSRS | ||
| 942 | _cBK | ||
| 999 |
_c10026 _d10026 |
||